سفر کھانی (Record no. 5532)
[ view plain ]
| 000 -LEADER | |
|---|---|
| fixed length control field | 00947 a2200229 4500 |
| 008 - FIXED-LENGTH DATA ELEMENTS--GENERAL INFORMATION | |
| fixed length control field | 081010t xxu||||| |||| 00| 0 ur d |
| 010 ## - LCCN (DPL NO) | |
| LC control number | UR-7379 |
| 020 ## - INTERNATIONAL STANDARD BOOK NUMBER | |
| International Standard Book Number | 8187231912 |
| Terms of availability | 120.00 |
| 035 ## - SYSTEM CONTROL NUMBER | |
| System control number | U-5934 |
| 037 ## - SOURCE OF ACQUISITION | |
| Source of stock number/acquisition | D.B.Act / Pub |
| 082 ## - DEWEY DECIMAL CLASSIFICATION NUMBER | |
| Classification number | 910.4 |
| 100 ## - MAIN ENTRY--PERSONAL NAME | |
| Personal name | مر غوب علی |
| 245 ## - TITLE STATEMENT | |
| Title | سفر کھانی |
| Statement of responsibility, etc | مر غوب علی |
| Remainder of title | پا کستا ن کا سفر نامہ |
| 246 ## - VARYING FORM OF TITLE | |
| Title proper/short title | Safar Kahani(A Travelogue of Pakistan) |
| Remainder of title | by Marghoob Ali |
| 260 ## - PUBLICATION, DISTRIBUTION, ETC. (IMPRINT) | |
| Place of publication, distribution, etc | دھلی |
| Name of publisher, distributor, etc | تخليق کار پبليشرز |
| Date of publication, distribution, etc | 2007 |
| 270 ## - ADDRESS | |
| Address | 104/B-Yawar Manzil,I Block ,Laxmi Nagar |
| City | دھلی |
| Postal code | 110092 |
| Telephone number | 01165295989 |
| Electronic mail address | qissey@rediffmail.com |
| 300 ## - PHYSICAL DESCRIPTION | |
| Extent | 128p |
| Dimensions | 22cm (Pbk) |
| 650 ## - SUBJECT ADDED ENTRY--TOPICAL TERM | |
| Topical term or geographic name as entry element | Tourism |
| 650 ## - SUBJECT ADDED ENTRY--TOPICAL TERM | |
| Topical term or geographic name as entry element | سفر نا مہ |
| 942 ## - ADDED ENTRY ELEMENTS (KOHA) | |
| Institution code [OBSOLETE] | dpl |
| Item type | Urdu Bks |
| Source of classification or shelving scheme | Dewey Decimal Classification |
| Classification part | 910.4 |
| Call number suffix | م ر غ |
| Withdrawn status | Lost status | Source of classification or shelving scheme | Damaged status | Not for loan | Collection code | Home library | Current library | Date acquired | Cost, normal purchase price | Total Checkouts | Full call number | Barcode | Date last seen | Copy number | Cost, replacement price | Koha item type |
|---|---|---|---|---|---|---|---|---|---|---|---|---|---|---|---|---|
| Dewey Decimal Classification | Not For Loan | Non-fiction | D.B.Act.Division | D.B.Act.Division | 10/10/2008 | 120.00 | 910.4 م ر غ | U-5934 | 15/09/2008 | 1 | 120.00 | Urdu Bks |
